Statistics for Visa-free access for German passport holders

Click here to take the quiz!

General Stats

  • This quiz has been taken 24 times
  • The average score is 146 of 157

Answer Stats

Countries% Correct
Argentina
100%
Armenia
100%
Australia
100%
Bahrain
100%
Belgium
100%
Canada
100%
Colombia
100%
Costa Rica
100%
Cyprus
100%
Djibouti
100%
Dominica
100%
Ecuador
100%
El Salvador
100%
Finland
100%
France
100%
Georgia
100%
Greece
100%
Guyana
100%
Haiti
100%
Iceland
100%
Ireland
100%
Italy
100%
Japan
100%
Jordan
100%
Kuwait
100%
Lebanon
100%
Liechtenstein
100%
Malta
100%
Mauritius
100%
Moldova
100%
Montenegro
100%
Morocco
100%
Netherlands
100%
Nicaragua
100%
Norway
100%
Oman
100%
Palau
100%
Panama
100%
Paraguay
100%
Peru
100%
Portugal
100%
Qatar
100%
Saint Kitts and Nevis
100%
San Marino
100%
Seychelles
100%
Slovakia
100%
Slovenia
100%
South Africa
100%
Suriname
100%
Sweden
100%
Switzerland
100%
Turkey
100%
Ukraine
100%
United Kingdom
100%
United States
100%
Uruguay
100%
Vatican City
100%
Venezuela
100%
Albania
93%
Andorra
93%
Antigua and Barbuda
93%
Austria
93%
Belarus
93%
Belize
93%
Bolivia
93%
Brazil
93%
Bulgaria
93%
Chile
93%
Croatia
93%
Czech Republic
93%
Denmark
93%
Dominican Republic
93%
Egypt
93%
Estonia
93%
Ethiopia
93%
Fiji
93%
Gambia
93%
Grenada
93%
Guatemala
93%
Honduras
93%
Israel
93%
Jamaica
93%
Kazakhstan
93%
Kenya
93%
Kosovo
93%
Kyrgyzstan
93%
Laos
93%
Latvia
93%
Lesotho
93%
Lithuania
93%
Luxembourg
93%
Madagascar
93%
Maldives
93%
Marshall Islands
93%
Mauritania
93%
Mexico
93%
Monaco
93%
Mozambique
93%
Namibia
93%
Nepal
93%
New Zealand
93%
Poland
93%
Romania
93%
Saint Lucia
93%
Saint Vincent and the Grenadines
93%
Samoa
93%
Senegal
93%
Serbia
93%
South Korea
93%
Spain
93%
Swaziland
93%
Thailand
93%
Trinidad and Tobago
93%
Tunisia
93%
Uganda
93%
Vanuatu
93%
Zambia
93%
Zimbabwe
93%
Barbados
86%
Bosnia and Herzegovina
86%
Botswana
86%
Brunei
86%
Burkina Faso
86%
Cambodia
86%
Comoros
86%
East Timor
86%
Federated States of Micronesia
86%
Guinea-Bissau
86%
Hungary
86%
Indonesia
86%
Iran
86%
Macedonia
86%
Malawi
86%
Philippines
86%
Rwanda
86%
Sao Tome and Principe
86%
Singapore
86%
Somalia
86%
Taiwan
86%
Tajikistan
86%
Tanzania
86%
Tonga
86%
Tuvalu
86%
United Arab Emirates
86%
Vietnam
86%
Bahamas
79%
Bangladesh
79%
Benin
79%
Gabon
79%
Kiribati
79%
Malaysia
79%
Papua New Guinea
79%
Solomon Islands
79%
Sri Lanka
79%
Togo
79%
Cape Verde
71%
Mongolia
64%

Score Distribution

Percentile by Number Answered

Percent of People with Each Score

Your Score History

You have not taken this quiz